| 000 | 00731nam a2200253 i 4500 | ||
|---|---|---|---|
| 001 | 8555 | ||
| 003 | ES-MaACL | ||
| 005 | 20250815084002.0 | ||
| 007 | t| | ||
| 008 | 920715s1991 sp ||||1| spa d | ||
| 020 | _a84-245-0577-8 | ||
| 080 | _a41.01 | ||
| 100 | 1 |
_aGarrido Medina, Joaquín. _955717 |
|
| 245 | 1 | 0 |
_aElementos de análisis lingüístico / _cJoaquín Garrido Medina. |
| 260 |
_aMadrid : _bFundamentos, _c1991. |
||
| 300 |
_a428 p. ; _c19 cm. |
||
| 490 | 1 |
_aCiencia. Serie lingüística ; _v166 |
|
| 500 | _aBibliografía. | ||
| 500 | _aNotas. | ||
| 650 | 4 |
_aLingüística. _914463 |
|
| 830 | 0 | 0 |
_aCiencia. _pLingüística _v166 _9227981 |
| 852 |
_aES-MaACL _jL-15978 _bR.120555 |
||
| 999 |
_c8555 _d8555 |
||